000 00297nam a22001337a 4500
008 171023b xxu||||| |||| 00| 0 eng d
020 _a9780132325219
041 _aeng
080 _a338
100 _a54
101 _aMEN
245 _aINTRODUCTION TOTAL QUALITY
_cDAVIS.S.B
942 _2udc
_cBK
999 _c35397
_d35397